00429nam a2200157Ia 4500008004100000020000700041082001500048100002800063245004200091250000700133260006200140300001400202500000700216600003300223650001500256240925s9999 xx 000 0 und d aNA a815.15 ABA aAbasi, Muhammad sarwar 0aKashmere muslmano ke Jedojehd azadee  aNA aPakistan:bInstitute of Kashmir Student Municipalc,1980. a0bNAfNA aNA aHumanities & Natural Science aLiterature